000 005590000a22001210004500
100 1 _aBustelo, Gabriela
245 1 0 _aMamBo pop y político : Exposición del Equipo Crónica en Bogotá
300 _aVol.0, núm.8 (Mayo, 2006), Página 14
500 _aEscritora, periodista y traductora.
520 _aEquipo Crónica cumple cuarenta años de haberse fundado. No es un club deportivo, ni un grupo periodístico, es el experimento más satírico y político del arte español del siglo XX.
773 0 _tArcadia / Andrés Felipe Solano, Editor
942 _cANA
999 _c61774
_d61774